North and Central America plus Caribbean and West Indies - Statistics

General Stats
  • This quiz has been taken 13 times
  • The average score is 22 of 24
Answers on the Map
Answers color-coded by a green-red scale on the quiz's map according to % correct below.
 
Answer Stats
Answer % Correct
Bahamas
100%
Canada
100%
Cuba
100%
Dominican Republic
100%
Guatemala
100%
Mexico
100%
United States
100%
Belize
90%
Costa Rica
90%
Dominica
90%
El Salvador
90%
Haiti
90%
Honduras
90%
Honduras
90%
Jamaica
90%
Nicaragua
90%
Panama
90%
Trinidad and Tobago
90%
Barbados
80%
St Kitts and Nevis
80%
St Lucia
80%
St Vincent and the Grenadines
80%
Antigua and Barbuda
70%
Grenada
70%
No matching quizzes found
Score Distribution
Percent of People with Each Score
Percentile by Number Answered
Your Score History
You have not taken this quiz